000
00315 a2200157 4500
001
182099
020
_a
85-7232-360-0
040
_c
Magnum
100
_a
Azevedo, Aluísio
240
1
0
_a
O cortiço
_l
por
245
1
0
_a
O cortiço
300
_a
232
362
0
_a
2004
697
_a
LITERATURA GERAL
942
_c
BK
999
_c
182099
_d
182099